The sunspace primer : a guide for passive solar heating (Record no. 80824)

MARC details
000 -LEADER
fixed length control field 00993nam a2200205 a 4500
008 - FIXED-LENGTH DATA ELEMENTS--GENERAL INFORMATION
fixed length control field 060316s1984 ||||||||||||||||| || u
020 ## - INTERNATIONAL STANDARD BOOK NUMBER
International Standard Book Number 0442245750
050 ## - LIBRARY OF CONGRESS CALL NUMBER
Classification number TH 7413 Jon
100 ## - MAIN ENTRY--PERSONAL NAME
Personal name McFarland, Robert D
245 14 - TITLE STATEMENT
Title The sunspace primer : a guide for passive solar heating
260 ## - PUBLICATION, DISTRIBUTION, ETC.
Place of publication, distribution, etc. New York :
Name of publisher, distributor, etc. Van Nostrand Reinhold
Date of publication, distribution, etc. 1984
300 ## - PHYSICAL DESCRIPTION
Extent xiv, 285 p. : ill.
350 ## -
-- 0.00
500 ## - GENERAL NOTE
General note Includes bibliographical references
650 ## - SUBJECT ADDED ENTRY--TOPICAL TERM
Topical term or geographic name entry element SOLAR HEATING--PASSIVE SYSTEMS
700 ## - ADDED ENTRY--PERSONAL NAME
Personal name Jones, Robert W
995 ## -
-- ANNEX COLLECTION (Main Library)
-- 0.00
-- 721769
-- CBU-MAIN LIBRARY (Kitwe)
-- 2
-- 39.95
-- TH 7413 Jon
-- AVAILABLE
-- 016341
-- Annex Low-Usage Collection
995 ## -
-- MAIN LIBRARY OPEN ACCESS
-- 0.00
-- 712642
-- CBU-MAIN LIBRARY (Kitwe)
-- 1
-- 39.95
-- TH 7413 Jon
-- AVAILABLE
-- 016343
-- Main Library Open Access Collection
995 ## -
-- ANNEX COLLECTION (Main Library)
-- 0.00
-- 719237
-- CBU-MAIN LIBRARY (Kitwe)
-- 3
-- 39.95
-- TH 7413 Jon
-- AVAILABLE
-- 016342
-- Annex Low-Usage Collection
999 ## -
-- 80824
-- 80824
Holdings
Withdrawn status Lost status Source of classification or shelving scheme Damaged status Not for loan Permanent Location Current Location Shelving location Date acquired Total Checkouts Full call number Barcode Date last seen Copy number Price effective from Koha item type
          CBU-MAIN LIBRARY, KITWE. CBU-MAIN LIBRARY, KITWE.   07/11/2023   TH 7413 Jon 016341 07/11/2023 1 07/11/2023 MONOGRAPH
          CBU-MAIN LIBRARY, KITWE. CBU-MAIN LIBRARY, KITWE.   07/11/2023   TH 7413 Jon 016343 07/11/2023 2 07/11/2023 MONOGRAPH
          CBU-MAIN LIBRARY, KITWE. CBU-MAIN LIBRARY, KITWE.   07/11/2023   TH 7413 Jon 016342 07/11/2023 3 07/11/2023 MONOGRAPH